| Поле | Инд. | ПП | Название | Значение |
|---|---|---|---|---|
| Тип записи | a | |||
| Библиографический уровень | m | |||
| 001 | Контрольный номер | 86413676082f49fcacab1ea428729778 | ||
| 005 | Дата корректировки | 20201027124438.2 | ||
| 020 | a | ISBN | 978-5-7609-0753-0 | |
| 040 | a | Служба первич. каталог. | НБ ТвГУ | |
| b | Код языка каталог. | rus | ||
| e | Правила каталог. | PSBO | ||
| 041 | 0_ | a | Код языка текста | rus |
| 080 | a | Индекс УДК | 33(075.8) | |
| 084 | a | Индекс другой классификации/Индекс ББК | У.я73-1 | |
| 090 | a | Полочн. индекс | У.я73 | |
| x | Авторский знак | В 25 | ||
| 097 | b | Оператор | Semenova.ZR | |
| 100 | 1_ | a | Автор | Вдовенко Анатолий Анатольевич |
| e | Роль лиц | Автор | ||
| 245 | 10 | a | Заглавие | Экономика |
| b | Продолж. заглавия | (микроэкономика, макроэкономика в терминах и графиках) : учебное пособие | ||
| c | Ответственность | А. А. Вдовенко ; Министерство образования и науки РФ, ФГБОУ ВО "Тверской государственный университет" | ||
| 260 | c | Дата издания | 2015 | |
| a | Место издания | Тверь | ||
| b | Издательство | Тверской государственный университет | ||
| 300 | a | Объем | 99, [1] с. | |
| b | Иллюстрации/ тип воспроизводства | ил. | ||
| 504 | a | Библиография | Библиогр.: с. 98-100 | |
| 653 | 0_ | a | Ключевые слова | Экономика |
| a | Ключевые слова | Микроэкономика | ||
| a | Ключевые слова | Макроэкономика | ||
| a | Ключевые слова | Термины | ||
| a | Ключевые слова | Экономические термины | ||
| a | Ключевые слова | Графики | ||
| a | Ключевые слова | Учебники для вузов | ||
| a | Ключевые слова | Труды Тверского государственного университета | ||
| 901 | t | Тип документа | m | |
| 920 | a | Оператор | Семен | |
| a | Оператор | Суха | ||
| a | Оператор | Стро | ||
| 930 | a | Новая/Ретро | новая | |
| 952 | c | Вид литературы | К ру | |
| 954 | b | Дата поступления в ОК | 20201020 | |
| a | Дата поступления на обработку | 20201021 | ||
| c | Дата окончания ОНО | 20201027 |